| 000 | 01417nam0a2200277 4500 | ||
|---|---|---|---|
| 001 | RU\NLR\BIBL_A\022114187 | ||
| 005 | 20250625124748.0 | ||
| 010 | _93000 | ||
| 035 | _a(NLR Aleph) 022114187 | ||
| 090 |
_a13319498 _c13319498 |
||
| 100 | _a20240123d1984 |||y0rusy50 ca | ||
| 101 | 0 | _adar | |
| 102 | _aRU | ||
| 105 | _ay z 000 y | ||
| 181 | 0 |
_ai _baxxe |
|
| 182 | 0 | _an | |
| 200 | 1 |
_aСССР-ла Верховный Советлизи биркIнила хIекьлизибси Совет Социалист Республикабала Союзла закон _eСССР-ла урчIемнайс бикIибси Верховный Советла урчIемъибил сессияличиб 1987 ибил дусла июльла 6-личиб кьабулбарибси саби _fЗ. Гаджиев пер. |
|
| 203 |
_aТекст _bвизуальный _cнепосредственный |
||
| 210 |
_aМахачкала _cДаг. кн. изд-во _d1984 |
||
| 215 |
_a33,[1] с. _d20 |
||
| 541 | 1 |
_aЗакон Союза Советских Социалистических Республик о выборах в Верховный Совет СССР _eПринят на девятой сес. Верховного Совета СССР девятого созыва 6 июля 1978 г. _zrus |
|
| 686 | 1 | _aХ620.526.1 | |
| 852 |
_aNLR _bОНЛ _jДарг./2-966 |
||
| 942 | _cBOOK | ||
| 980 | _aNB | ||